00310nam a2200133Ia 4500003000900000008004100009040001300050040001300063100002400076245002900100260003300129300000800162490000600170IT-RoPAU120407s9999 xx 000 0 und d aIT-RoPAU cIT-RoPAU aPio Della Valentina aLe litanie della Madonna aEditrice Domenicana - Napoli c cm v1